[Event "NRW Class1 1516"]
[Site "Germany"]
[Date "2016.01.10"]
[Round "5.3"]
[White "Grobbel, Rainer"]
[Black "Kloss, Henning"]
[Result "1-0"]
[WhiteElo "2110"]
[BlackElo "2165"]
[PlyCount "125"]
[EventDate "2015.09.27"]
[EventType "team-tourn"]
[EventRounds "9"]
[EventCountry "GER"]
[SourceTitle "EXT 2017"]
[Source "ChessBase"]
[SourceDate "2016.10.25"]
[SourceVersion "1"]
[SourceVersionDate "2016.10.25"]
[SourceQuality "1"]
[WhiteTeam "Lippstadt Turm"]
[BlackTeam "Koeln Lasker"]
[WhiteTeamCountry "GER"]
[BlackTeamCountry "GER"]

1. d4 Nf6 2. c4 g6 3. Nc3 d5 4. Bg5 Ne4 5. Nxe4 dxe4 6. Qd2 Bg7 7. e3 c5 8. d5 Qb6 9. Rb1 Nd7 10. Ne2 Qb4 11. Qxb4 cxb4 12. Nd4 Nc5 13. Be2 Bd7 14. 0-0 Rc8 15. Rfd1 f6 16. Bh4 Kf7 17. f3 Rhd8 18. Be1 exf3 19. gxf3 a5 20. a3 Na6 21. b3 e5 22. Nc2 Bf8 23. Ra1 Bc5 24. Kg2 Ra8 25. e4 b6 26. a4 Rg8 27. Bf2 Bxf2 28. Kxf2 Nc5 29. Rab1 f5 30. Ke3 f4+ 31. Kf2 g5 32. Ne1 h5 33. Nd3 Nxd3+ 34. Rxd3 g4 35. Rg1 Rg6 36. Bf1 Ke7 37. Rd2 Rag8 38. Ke1 Kd6 39. Rdg2 Be8 40. Be2 Bd7 41. h3 g3 42. Rh1 h4 43. Kd2 Ra8 44. Bd1 Rgg8 45. Kd3 Rac8 46. Bc2 b5 47. axb5 Bxb5 48. cxb5 Rc3+ 49. Kd2 Rxf3 50. Bd1 Rc3 51. Rf1 Rb8 52. Rf3 Rxf3 53. Bxf3 Rxb5 54. Rg1 Rb7 55. Rc1 Rg7 56. Bg2 f3 57. Bxf3 g2 58. Rg1 Rg3 59. Ke2 Kc5 60. Rxg2 Rxh3 61. Ke3 Kb5 62. Rd2 Rg3 63. d6 1-0

[Event "NRW Class2 1112"]
[Site "Germany"]
[Date "2011.11.13"]
[Round "3.7"]
[White "Grobbel, Rainer"]
[Black "Woestmann, Ulrich"]
[Result "0-1"]
[WhiteElo "2069"]
[BlackElo "2003"]
[PlyCount "72"]
[EventDate "2011.09.18"]
[EventType "team-tourn"]
[EventRounds "9"]
[EventCountry "GER"]
[SourceTitle "EXT 2015"]
[Source "ChessBase"]
[SourceDate "2014.11.20"]
[SourceVersion "1"]
[SourceVersionDate "2014.11.20"]
[SourceQuality "1"]
[WhiteTeam "Lippstadt Turm"]
[BlackTeam "Sendenhorst"]
[WhiteTeamCountry "GER"]
[BlackTeamCountry "GER"]

1. d4 Nf6 2. c4 g6 3. Nc3 d5 4. Bg5 Ne4 5. Nxe4 dxe4 6. Qd2 Bg7 7. e3 c5 8. d5 Qb6 9. 0-0-0 Qa6 10. Kb1 Nd7 11. Qc2 Ne5 12. h3 Bd7 13. f4 exf3 14. gxf3 f6 15. Bf4 Nf7 16. Ne2 Nd6 17. Nc1 0-0 18. h4 b5 19. h5 bxc4 20. hxg6 Rab8 21. Bxd6 Qxd6 22. gxh7+ Kh8 23. Bxc4 Qe5 24. e4 Ba4 25. Bb3 Bxb3 26. Nxb3 f5 27. Rd2 fxe4 28. fxe4 a5 29. Re1 a4 30. Na5 Qg3 31. Rc1 Rxb2+ 32. Qxb2 Bxb2 33. Kxb2 Qe5+ 34. Rc3 Qxe4 35. Nc6 Rf1 36. Rcc2 Qe3 0-1

[Event "NRW Class1 1011"]
[Site "Germany"]
[Date "2010.11.28"]
[Round "3.7"]
[White "Mazarov, Juergen"]
[Black "Grobbel, Rainer"]
[Result "1/2-1/2"]
[WhiteElo "2167"]
[BlackElo "2113"]
[PlyCount "121"]
[EventDate "2010.09.26"]
[EventType "team-tourn"]
[EventRounds "9"]
[EventCountry "GER"]
[SourceTitle "EXT 2012"]
[Source "ChessBase"]
[SourceDate "2011.11.24"]
[SourceVersion "1"]
[SourceVersionDate "2011.11.24"]
[SourceQuality "1"]
[WhiteTeam "Bochum II"]
[BlackTeam "Lippstadt Turm"]
[WhiteTeamCountry "GER"]
[BlackTeamCountry "GER"]

1. e4 c5 2. Nf3 d6 3. d4 cxd4 4. Nxd4 Nf6 5. Nc3 Nc6 6. Bg5 e6 7. Qd2 Be7 8. 0-0-0 Nxd4 9. Qxd4 0-0 10. f4 Qa5 11. Kb1 Rd8 12. Be2 Bd7 13. Bf3 Bc6 14. Qf2 Rac8 15. Bh4 Rd7 16. Rhe1 Rcd8 17. g4 d5 18. e5 Ne8 19. Bxe7 Rxe7 20. Ne2 Nc7 21. Qh4 Red7 22. Nd4 Nb5 23. f5 Qb4 24. Nxb5 Bxb5 25. c3 Qf4 26. Qg3 Qxg3 27. hxg3 d4 28. cxd4 Rxd4 29. Rxd4 Rxd4 30. f6 h6 31. Rc1 Bd3+ 32. Ka1 Be4 33. Bxe4 Rxe4 34. a3 Rxe5 35. Rc8+ Kh7 36. Rc7 gxf6 37. Rxf7+ Kg6 38. Rxb7 a5 39. Ra7 Rd5 40. Kb1 e5 41. Kc2 h5 42. gxh5+ Kxh5 43. b4 axb4 44. axb4 Kg4 45. Ra3 Rd8 46. Re3 Kf5 47. Kc3 e4 48. b5 Ke5 49. Kb4 Kd4 50. Re1 Rf8 51. b6 e3 52. Kb5 Kd3 53. Rd1+ Kc2 54. Ra1 e2 55. b7 Rb8 56. Kc6 Kd2 57. Kc7 Rxb7+ 58. Kxb7 e1Q 59. Rxe1 Kxe1 60. Kc6 Kf2 61. Kd5 1/2-1/2

[Event "Oberliga NRW 0809"]
[Site "Germany"]
[Date "2008.11.09"]
[Round "3.8"]
[White "Biedekoepper, Robert"]
[Black "Grobbel, Rainer"]
[Result "1/2-1/2"]
[WhiteElo "2137"]
[BlackElo "2137"]
[PlyCount "51"]
[EventDate "2008.09.21"]
[EventType "team-tourn"]
[EventRounds "9"]
[EventCountry "GER"]
[SourceTitle "EXT 2010"]
[Source "ChessBase"]
[SourceDate "2010.11.25"]
[SourceVersion "1"]
[SourceVersionDate "2010.11.25"]
[SourceQuality "1"]
[WhiteTeam "Godesberg II"]
[BlackTeam "Lippstadt Turm"]
[WhiteTeamCountry "GER"]
[BlackTeamCountry "GER"]

1. d4 Nf6 2. c4 e5 3. dxe5 Ng4 4. Nf3 Bc5 5. e3 Nc6 6. a3 a5 7. b3 Ngxe5 8. Bb2 Nxf3+ 9. Qxf3 0-0 10. Nd2 d6 11. Qg3 f6 12. Ne4 Qe7 13. Bd3 Ne5 14. Be2 Bb6 15. 0-0 Bf5 16. Nc3 c6 17. e4 Be6 18. Rad1 f5 19. exf5 Bxf5 20. Rd2 Rf6 21. Na4 Bc7 22. Qe3 Rh6 23. f4 Ng6 24. Qxe7 Nxe7 25. g3 Re6 26. Kf2 1/2-1/2

[Event "Oberliga NRW 0809"]
[Site "Germany"]
[Date "2008.09.21"]
[Round "1.8"]
[White "Gueroff, Eduard"]
[Black "Grobbel, Rainer"]
[Result "1-0"]
[WhiteElo "2273"]
[BlackElo "2137"]
[PlyCount "75"]
[EventDate "2008.09.21"]
[EventType "team-tourn"]
[EventRounds "9"]
[EventCountry "GER"]
[SourceTitle "EXT 2010"]
[Source "ChessBase"]
[SourceDate "2010.11.25"]
[SourceVersion "1"]
[SourceVersionDate "2010.11.25"]
[SourceQuality "1"]
[WhiteTeam "Bochum"]
[BlackTeam "Lippstadt Turm"]
[WhiteTeamCountry "GER"]
[BlackTeamCountry "GER"]

1. e4 c5 2. Nf3 d6 3. d4 cxd4 4. Nxd4 Nf6 5. Nc3 Nc6 6. Be2 g6 7. 0-0 Bg7 8. Kh1 0-0 9. Be3 a6 10. a4 Qc7 11. Nb3 b6 12. Rc1 e6 13. Qd2 Rd8 14. Bg5 Rd7 15. Rcd1 Bb7 16. f4 Nb4 17. Bf3 Ne8 18. e5 Bxf3 19. Rxf3 Ra7 20. Qe2 Qb8 21. Re1 Nc6 22. exd6 Nxd6 23. Rd3 h6 24. Bh4 Nf5 25. Bf2 Nb4 26. Rd2 Qxf4 27. Red1 Rxd2 28. Rxd2 Qc7 29. a5 Rb7 30. axb6 Rxb6 31. Bxb6 Qxb6 32. Na4 Qc6 33. Nbc5 Bxb2 34. Qc4 Ba3 35. Rd8+ Kh7 36. Qc3 e5 37. Qxa3 Nxc2 38. Qb3 1-0

[Event "Oberliga NRW 0506"]
[Site "Germany"]
[Date "2005.10.09"]
[Round "2.8"]
[White "Kretschmann, Thomas"]
[Black "Grobbel, Rainer"]
[Result "0-1"]
[WhiteElo "2062"]
[BlackElo "2063"]
[PlyCount "114"]
[EventDate "2005.09.25"]
[EventType "team-tourn"]
[EventRounds "9"]
[EventCountry "GER"]
[SourceTitle "EXT 2007"]
[Source "ChessBase"]
[SourceDate "2006.11.23"]
[SourceVersion "1"]
[SourceVersionDate "2006.11.23"]
[SourceQuality "1"]
[WhiteTeam "Duisburg PSV"]
[BlackTeam "Lippstadt Turm"]
[WhiteTeamCountry "GER"]
[BlackTeamCountry "GER"]

1. e4 c5 2. c3 d5 3. exd5 Qxd5 4. d4 e6 5. Nf3 Nf6 6. Be2 Be7 7. Na3 0-0 8. Nc2 Nc6 9. 0-0 b6 10. Bg5 Bb7 11. Ne3 Qd8 12. Bxf6 gxf6 13. d5 exd5 14. Qxd5 Qxd5 15. Nxd5 Rad8 16. Rad1 f5 17. Nxe7+ Nxe7 18. Ne5 Kg7 19. Bc4 Ng6 20. Nxf7 Rxd1 21. Rxd1 Kf6 22. Rd7 Bc8 23. Rc7 b5 24. Bxb5 Be6 25. Nd6 Rd8 26. Ne8+ Kg5 27. h3 Rd1+ 28. Kh2 Rd2 29. Rxc5 Rxf2 30. b4 Bxa2 31. Nd6 Bb1 32. Bc6 Kf4 33. Rd5 Ne5 34. Rd4+ Ke3 35. Bd5 Bd3 36. Rh4 f4 37. Rh5 Ng6 38. Nf5+ Ke2 39. Bf3+ Kf1 40. Nd4 Ra2 41. Rxh7 Ne5 42. Re7 Nxf3+ 43. Nxf3 Rxg2+ 44. Kh1 Re2 45. Nh2+ Kf2 46. Ng4+ Ke1 47. Rxe2+ Bxe2 48. Ne5 f3 49. Nxf3+ Bxf3+ 50. Kg1 Bd5 51. h4 Kd2 52. h5 Kxc3 53. h6 Bg8 54. b5 Kb4 55. Kf2 Kxb5 56. Ke3 Kc4 57. Kd2 Kb3 0-1

[Event "NRW Class2 0304"]
[Site "Germany"]
[Date "2004.04.25"]
[Round "9.5"]
[White "Kotter, Ralf"]
[Black "Grobbel, Rainer"]
[Result "1-0"]
[WhiteElo "2299"]
[BlackElo "2025"]
[PlyCount "57"]
[EventDate "2003.09.28"]
[EventType "team-tourn"]
[EventRounds "9"]
[EventCountry "GER"]
[SourceTitle "CBM 098 Extra"]
[Source "ChessBase"]
[SourceDate "2004.03.10"]
[SourceVersion "2"]
[SourceVersionDate "2004.03.10"]
[SourceQuality "1"]
[WhiteTeam "Gelsenkirchen Hassel"]
[BlackTeam "Lippstadt Turm"]
[WhiteTeamCountry "GER"]
[BlackTeamCountry "GER"]

1. e4 c5 2. Nf3 d6 3. d4 cxd4 4. Nxd4 Nf6 5. Nc3 a6 6. Be3 e6 7. f3 Be7 8. Qd2 0-0 9. g4 b5 10. g5 Nfd7 11. 0-0-0 Bb7 12. h4 Nc6 13. Kb1 b4 14. Nce2 Nde5 15. Nxc6 Nxc6 16. h5 Ne5 17. Nd4 d5 18. g6 dxe4 19. h6 Bf6 20. hxg7 Bxg7 21. Qh2 fxg6 22. Qxh7+ Kf7 23. Bh3 Bc8 24. Nxe6 Qf6 25. Ng5+ Qxg5 26. Bxg5 Rh8 27. Qxh8 Bxh8 28. fxe4 Nc4 29. Rd8 1-0

[Event "NRW Class2 0304"]
[Site "Germany"]
[Date "2004.01.11"]
[Round "5.7"]
[White "Schulz, Hartmut"]
[Black "Grobbel, Rainer"]
[Result "1-0"]
[WhiteElo "2046"]
[BlackElo "2025"]
[PlyCount "77"]
[EventDate "2003.09.28"]
[EventType "team-tourn"]
[EventRounds "9"]
[EventCountry "GER"]
[SourceTitle "CBM 098 Extra"]
[Source "ChessBase"]
[SourceDate "2004.03.10"]
[SourceVersion "2"]
[SourceVersionDate "2004.03.10"]
[SourceQuality "1"]
[WhiteTeam "Brackel"]
[BlackTeam "Lippstadt Turm"]
[WhiteTeamCountry "GER"]
[BlackTeamCountry "GER"]

1. d4 d5 2. Nf3 Nf6 3. Bf4 e6 4. e3 Bd6 5. Bd3 0-0 6. Nbd2 c5 7. c3 Nc6 8. Bg3 a6 9. 0-0 b5 10. Ne5 Bb7 11. f4 Nd7 12. Ndf3 f5 13. Bh4 Qe8 14. Kh1 c4 15. Bc2 Ndxe5 16. Nxe5 Nxe5 17. fxe5 Be7 18. Bxe7 Qxe7 19. g4 fxg4 20. Qxg4 Rf7 21. Qh3 g6 22. Rxf7 Qxf7 23. Rf1 Qe8 24. Rf6 Bc8 25. Qh6 Ra7 26. Bxg6 Qd8 27. Bh5 Rg7 28. h3 a5 29. Bg4 b4 30. Bxe6+ Bxe6 31. Rxe6 bxc3 32. bxc3 Qf8 33. Qf4 Qb8 34. Qf1 Qc8 35. Rf6 Rg3 36. Kh2 Rg7 37. Rf2 Qb8 38. Rg2 Rxg2+ 39. Qxg2+ 1-0

[Event "Oberliga NRW 0001 I"]
[Site "NRW"]
[Date "2001.02.04"]
[Round "6.6"]
[White "Grobbel, Rainer"]
[Black "Meertens, Martin"]
[Result "1/2-1/2"]
[WhiteElo "2062"]
[BlackElo "2093"]
[PlyCount "87"]
[EventDate "2000.09.24"]
[EventType "team-tourn"]
[EventRounds "9"]
[EventCountry "GER"]
[SourceTitle "EXT 2006"]
[Source "ChessBase"]
[SourceDate "2005.11.24"]
[SourceVersion "1"]
[SourceVersionDate "2005.11.24"]
[SourceQuality "1"]
[WhiteTeam "Lippstadt Turm"]
[BlackTeam "Koeln SF II"]
[WhiteTeamCountry "GER"]
[BlackTeamCountry "GER"]

1. d4 Nf6 2. c4 g6 3. Nc3 Bg7 4. Bf4 d6 5. h3 0-0 6. Nf3 Nbd7 7. e3 c6 8. Be2 Qe8 9. 0-0 e5 10. dxe5 dxe5 11. Bh2 Qe7 12. Qc2 Ne8 13. Rad1 a5 14. Na4 Nc5 15. Nd2 Bf5 16. e4 Be6 17. Nf3 f6 18. Nb6 Rd8 19. Rxd8 Qxd8 20. Na4 Qe7 21. Rd1 Nc7 22. Nxc5 Qxc5 23. Qd2 Ra8 24. b3 Bf8 25. Bg3 Qb4 26. Nd4 Qxd2 27. Rxd2 Rd8 28. Nf3 Rxd2 29. Nxd2 a4 30. f3 Bb4 31. Nf1 axb3 32. axb3 Kf7 33. Ne3 Bc5 34. Bf2 Na6 35. Nc2 Bxf2+ 36. Kxf2 c5 37. Ke3 Ke7 38. h4 h6 39. f4 Kd6 40. g3 Nb4 41. Nxb4 cxb4 42. Bd1 Kc5 43. fxe5 fxe5 44. Kd3 1/2-1/2